| 000 | 01254nam a2200217Ia 4500 | ||
|---|---|---|---|
| 999 |
_c39199 _d39199 |
||
| 003 | OSt | ||
| 005 | 20201019213653.0 | ||
| 008 | 160316s2013 xxu||||| |||| 00| 0 eng d | ||
| 020 | _a9780674726826 | ||
| 040 | _cnls | ||
| 082 |
_a200.000000 _bDWO |
||
| 100 | _aDowrkin Ronald | ||
| 245 | _aReligion without God | ||
| 260 |
_aLondon _bHarvard University Press _c2013 |
||
| 300 |
_a180p _c |
||
| 365 | _b Gratis | ||
| 505 | _aTable of Contents : Publisher’s Note 1. Religious Atheism? Introduction What Is Religion? The Metaphysical Core Religious Science and Religious Value Mystery and Intelligibility Impersonal Gods: Tillich, Spinoza, and Pantheism 2. The Universe Physics and the Sublime How Could Beauty Guide Research? But What Kind of Beauty Could This Be? Symmetry? Is There a Way the Universe Just Is? Inevitability and the Universe The Beauty of Inevitability 3. Religious Freedom The Constitutional Challenge Is Religious Freedom Only about God? Freedom Out of Control? Conflict within Freedom Is There Really a Right to Religious Freedom? The New Religious Wars 4. Death and Immortality Notes Index | ||
| 650 | _a1. Religion - Philosophy2. Atheism - Freedom Of Religion | ||
| 700 |
_a _a |
||
| 942 |
_2ddc _cBK |
||